Survey of Afro-Asian literature / Monique Escalada-Cordova, DALC, Baby Jane Uytico, M.Ed. (Record no. 21559)

000 -LEADER
fixed length control field 00606nam a22001697a 4500
020 ## - INTERNATIONAL STANDARD BOOK NUMBER
ISBN 9786214510412
082 ## - DEWEY DECIMAL CLASSIFICATION NUMBER
Classification number 809.8927
Item number Es742 2024
100 ## - MAIN ENTRY--AUTHOR NAME
Personal name Escalada-Cordova, Monique, author.
245 ## - TITLE STATEMENT
Title Survey of Afro-Asian literature / Monique Escalada-Cordova, DALC, Baby Jane Uytico, M.Ed.
260 ## - PUBLICATION, DISTRIBUTION, ETC. (IMPRINT)
Place of publication Quezon City :
Name of publisher Lorimar Publishing, Inc.,
Year of publication ©2024.
300 ## - PHYSICAL DESCRIPTION
Number of Pages xiv, 74 pages ;
Other physical details 26 cm.
500 ## - GENERAL NOTE
General note Includes bibliographical references.
650 ## - SUBJECT ADDED ENTRY--TOPICAL TERM
Topical Term African literature -- Study and teaching.
650 ## - SUBJECT ADDED ENTRY--TOPICAL TERM
Topical Term Asian literature -- Study and teaching.
700 ## - ADDED ENTRY--PERSONAL NAME
Personal name Uytico, Baby Jane.
942 ## - ADDED ENTRY ELEMENTS (KOHA)
Koha item type Books
Holdings
Source of acquisition Permanent Location Date acquired Koha item type Collection code Accession Number Lost status Shelving location Withdrawn status Current Location Full call number
SchoolCagayan State University - Carig Library2025-12-03BooksLiterature011235 General Collection Cagayan State University - Carig Library809.8927 Es742 2024
SchoolCagayan State University - Carig Library2025-12-03BooksLiterature011236 General Collection Cagayan State University - Carig Library809.8927 Es742 2024
SchoolCagayan State University - Carig Library2025-12-03BooksLiterature011237 General Collection Cagayan State University - Carig Library809.8927 Es742 2024

Cagayan State University University Library, Carig Campus
Tuguegarao City, Cagayan 3500 | www.csucarig.edu.ph

Powered by Koha